Applied functional analysis / (Record no. 200468146)
[ view plain ]
| 000 -LEADER | |
|---|---|
| fixed length control field | 00967cam a2200337 i 4500 |
| 001 - CONTROL NUMBER | |
| control field | 200468146 |
| 003 - CONTROL NUMBER IDENTIFIER | |
| control field | TR-AnTOB |
| 005 - DATE AND TIME OF LATEST TRANSACTION | |
| control field | 20260416124834.0 |
| 007 - PHYSICAL DESCRIPTION FIXED FIELD--GENERAL INFORMATION | |
| fixed length control field | ta |
| 008 - FIXED-LENGTH DATA ELEMENTS--GENERAL INFORMATION | |
| fixed length control field | 020111r1976 nyua b 001 0 eng |
| 020 ## - INTERNATIONAL STANDARD BOOK NUMBER | |
| International Standard Book Number | 0387901574 |
| International Standard Book Number | 3540901574 |
| 040 ## - CATALOGING SOURCE | |
| Original cataloging agency | DLC |
| Language of cataloging | eng |
| Description conventions | rda |
| Transcribing agency | DLC |
| Modifying agency | BAKER |
| -- | NLGGC |
| -- | BGZ |
| -- | TR-AnTOB |
| 041 0# - LANGUAGE CODE | |
| Language code of text/sound track or separate title | İngilizce |
| 042 ## - AUTHENTICATION CODE | |
| Authentication code | pcc |
| 050 14 - LIBRARY OF CONGRESS CALL NUMBER | |
| Classification number | QA320 |
| Item number | .B3533 1976 |
| 090 ## - LOCALLY ASSIGNED LC-TYPE CALL NUMBER (OCLC); LOCAL CALL NUMBER (RLIN) | |
| Classification number (OCLC) (R) ; Classification number, CALL (RLIN) (NR) | QA320 |
| Local cutter number (OCLC) ; Book number/undivided call number, CALL (RLIN) | .B3533 1976 |
| 100 1# - MAIN ENTRY--PERSONAL NAME | |
| Personal name | Balakrishnan, A. V. |
| Relator term | author |
| 9 (RLIN) | 153719 |
| 245 10 - TITLE STATEMENT | |
| Title | Applied functional analysis / |
| Statement of responsibility, etc. | A. V. Balakrishnan. |
| 264 ## - PRODUCTION, PUBLICATION, DISTRIBUTION, MANUFACTURE, AND COPYRIGHT NOTICE | |
| Place of production, publication, distribution, manufacture | Berlin ; |
| -- | New York ; |
| Name of producer, publisher, distributor, manufacturer | Springer Verlag, |
| Date of production, publication, distribution, manufacture, or copyright notice | 1976. |
| 300 ## - PHYSICAL DESCRIPTION | |
| Extent | x, 309 pages : |
| Other physical details | illustrations ; |
| Dimensions | 24 cm |
| 336 ## - CONTENT TYPE | |
| Content type term | text |
| Content type code | txt |
| Source | rdacontent |
| 337 ## - MEDIA TYPE | |
| Media type term | unmediated |
| Media type code | n |
| Source | rdamedia |
| 338 ## - CARRIER TYPE | |
| Carrier type term | volume |
| Carrier type code | nc |
| Source | rdacarrier |
| 504 ## - BIBLIOGRAPHY, ETC. NOTE | |
| Bibliography, etc. note | Includes bibliographical references and index. |
| 590 ## - LOCAL NOTE (RLIN) | |
| Local note | ORDER 2006 |
| 650 #0 - SUBJECT ADDED ENTRY--TOPICAL TERM | |
| Topical term or geographic name entry element | Functional analysis |
| 9 (RLIN) | 78530 |
| Topical term or geographic name entry element | Hilbert space |
| 9 (RLIN) | 152254 |
| 942 ## - ADDED ENTRY ELEMENTS (KOHA) | |
| Source of classification or shelving scheme | Library of Congress Classification |
| Koha item type | Book |
| Withdrawn status | Lost status | Source of classification or shelving scheme | Not for loan | Collection code | Home library | Current library | Shelving location | Date acquired | Source of acquisition | Inventory number | Total Checkouts | Full call number | Date last seen | Date shelved | Koha item type | Public note |
|---|---|---|---|---|---|---|---|---|---|---|---|---|---|---|---|---|
| Library of Congress Classification | Ödünç Verilemez-Kurumiçi kullanım / Not for loan-For inhouse use | Genel Koleksiyon | Merkez Kütüphane | Merkez Kütüphane | Genel Koleksiyon / Main Collection | 22/01/2026 | Bağış / Donation | MAT | QA320 .B3533 1976 | 16/04/2026 | 16/04/2026 | Book | Donated by Ahmet Okay Çelebi |
